[Event "Chesterfield SPICE Cup op"]
[Site "Chesterfield"]
[Date "2023.12.20"]
[Round "6"]
[White "Puckett, Matthew"]
[Black "Gedajlovic, Max"]
[Result "1/2-1/2"]
[WhiteElo "2172"]
[BlackElo "2390"]
[PlyCount "102"]
[EventDate "2023.12.17"]
[EventType "swiss"]
[EventRounds "9"]
[EventCountry "USA"]
[SourceTitle "CB52_2023"]
[SourceDate "2023.12.27"]
[SourceVersion "1"]
[SourceVersionDate "2023.12.27"]
[SourceQuality "1"]

1. d4 Nf6 2. c4 e6 3. g3 d5 4. Nf3 Bb4+ 5. Bd2 a5 6. Bg2 0-0 7. Qc2 c5 8. cxd5 cxd4 9. Nxd4 Qb6 10. e3 exd5 11. 0-0 Nc6 12. Nxc6 bxc6 13. Rc1 Rb8 14. Nc3 h5 15. Na4 Qd8 16. Bxb4 Rxb4 17. b3 h4 18. Qxc6 h3 19. Bf1 d4 20. Qc7 dxe3 21. Qxd8 exf2+ 22. Kxf2 Rxd8 23. Nc3 Rd2+ 24. Kg1 Bg4 25. Nd1 Ne4 26. Ne3 Ng5 27. Rc2 Rxc2 28. Nxc2 Re4 29. Kf2 Re5 30. Ne3 Ne4+ 31. Kg1 Be6 32. Nc4 Rc5 33. Rc1 Nd2 34. Be2 a4 35. Rc2 Nxb3 36. axb3 axb3 37. Rc3 Bxc4 38. Bxc4 b2 39. Rb3 Rxc4 40. Rxb2 g5 41. Kf2 Kg7 42. Kf3 g4+ 43. Kf2 Kg6 44. Rb1 Kf5 45. Kg1 Rc2 46. Kh1 Ke4 47. Ra1 Ke3 48. Rb1 Ke2 49. Ra1 f5 50. Rb1 Kf2 51. Rb2 Rxb2 1/2-1/2

[Event "Chesterfield SPICE Cup op"]
[Site "Chesterfield"]
[Date "2023.12.18"]
[Round "3"]
[White "Gedajlovic, Max"]
[Black "Betaneli, Aleksandr"]
[Result "1-0"]
[WhiteElo "2390"]
[BlackElo "2178"]
[PlyCount "139"]
[EventDate "2023.12.17"]
[EventType "swiss"]
[EventRounds "9"]
[EventCountry "USA"]
[SourceTitle "CB52_2023"]
[SourceDate "2023.12.27"]
[SourceVersion "1"]
[SourceVersionDate "2023.12.27"]
[SourceQuality "1"]

1. d4 d5 2. c4 e6 3. Nc3 Nf6 4. cxd5 exd5 5. Bg5 c6 6. e3 h6 7. Bh4 Be7 8. Bd3 0-0 9. Nge2 Ne8 10. Bxe7 Qxe7 11. 0-0 Bg4 12. Qd2 Bxe2 13. Nxe2 Nd6 14. Rae1 Nd7 15. f3 f5 16. Nf4 Qf6 17. a4 a6 18. Kh1 Rae8 19. g4 g5 20. Nh5 Qf7 21. e4 dxe4 22. fxe4 Nxe4 23. Qb4 c5 24. dxc5 Nf2+ 25. Rxf2 Qd5+ 26. Kg1 Qxd3 27. Rxe8 Rxe8 28. Qd2 Qc4 29. h3 Re7 30. Rxf5 Re2 31. Qd5+ Qxd5 32. Rxd5 Nf8 33. Rd8 Rxb2 34. Rb8 Rc2 35. Rxb7 Ne6 36. Rb6 Nxc5 37. Rxh6 Nxa4 38. Rxa6 Nc3 39. Rg6+ Kh7 40. Rxg5 Kh6 41. Re5 Ne2+ 42. Kf2 Nd4+ 43. Ke3 Nc6 44. Rd5 Nb4 45. Rb5 Nc6 46. Nf4 Rc3+ 47. Nd3 Rc4 48. Rh5+ Kg6 49. Nf4+ Kf6 50. Rf5+ Kg7 51. Nd5 Ra4 52. Rg5+ Kf7 53. Rf5+ Kg7 54. Kf2 Nd4 55. Re5 Ra2+ 56. Kg3 Ne2+ 57. Kh4 Rd2 58. Ne3 Kf6 59. Rd5 Ra2 60. Rf5+ Ke6 61. Rf2 Ke5 62. Nf5 Nc3 63. Rxa2 Nxa2 64. Kg5 Nc3 65. h4 Ne4+ 66. Kg6 Kf4 67. Nh6 Kg3 68. h5 Kf4 69. Nf7 Kxg4 70. h6 1-0

[Event "Chesterfield SPICE Cup op"]
[Site "Chesterfield"]
[Date "2023.12.18"]
[Round "2"]
[White "Hakobyan, Aram"]
[Black "Gedajlovic, Max"]
[Result "1-0"]
[WhiteElo "2616"]
[BlackElo "2390"]
[PlyCount "29"]
[EventDate "2023.12.17"]
[EventType "swiss"]
[EventRounds "9"]
[EventCountry "USA"]
[SourceTitle "CB52_2023"]
[SourceDate "2023.12.27"]
[SourceVersion "1"]
[SourceVersionDate "2023.12.27"]
[SourceQuality "1"]

1. d4 Nf6 2. c4 e6 3. Nc3 Bb4 4. Nf3 b6 5. Qb3 c5 6. Bg5 Nc6 7. d5 Na5 8. Qc2 h6 9. Bh4 Nxc4 10. dxe6 Nd6 11. 0-0-0 Bxc3 12. Rxd6 Qe7 13. Rd1 Ba5 14. exf7+ Qxf7 15. Bxf6 1-0

[Event "London GM-B"]
[Site "London"]
[Date "2023.12.08"]
[Round "7"]
[White "Plat, Vojtech"]
[Black "Gedajlovic, Max"]
[Result "1-0"]
[WhiteElo "2509"]
[BlackElo "2390"]
[PlyCount "97"]
[EventDate "2023.12.05"]
[EventType "tourn"]
[EventRounds "9"]
[EventCountry "ENG"]
[EventCategory "5"]
[SourceTitle "CB50_2023"]
[SourceDate "2023.12.13"]
[SourceVersion "1"]
[SourceVersionDate "2023.12.13"]
[SourceQuality "1"]

1. Nf3 d5 2. b3 c5 3. Bb2 Nc6 4. e3 Nf6 5. Bb5 Bd7 6. 0-0 e6 7. d4 Rc8 8. c4 cxd4 9. cxd5 Nxd5 10. Nxd4 Nxd4 11. Bxd7+ Qxd7 12. Qxd4 Nb4 13. Qxd7+ Kxd7 14. Rd1+ Ke8 15. Nc3 f6 16. Nb5 Rc2 17. Ba3 a5 18. Bxb4 Bxb4 19. Nd4 Rb2 20. Rac1 Kf7 21. Rc7+ Kg6 22. Nxe6 Re8 23. Nf4+ Kh6 24. g4 Rxa2 25. Rdd7 Bf8 26. Rd5 Re5 27. Rxe5 fxe5 28. g5+ Kxg5 29. Ne6+ Kg4 30. Nxf8 Kh3 31. Kf1 e4 32. Rxg7 Ra1+ 33. Ke2 Ra2+ 34. Ke1 Ra1+ 35. Kd2 Ra2+ 36. Kc3 Rxf2 37. Ne6 b5 38. Ng5+ Kxh2 39. Nxe4 Re2 40. Kd3 Rb2 41. Rxh7+ Kg2 42. Rg7+ Kh3 43. Nd2 a4 44. bxa4 bxa4 45. Ra7 Ra2 46. Nb1 Ra1 47. Nc3 a3 48. Nb5 a2 49. Nc3 1-0

[Event "Titled Tuesday intern op 26th Sep Late"]
[Site "Chess.com INT"]
[Date "2023.09.26"]
[Round "6"]
[White "Drygalov, Sergey"]
[Black "Gedajlovic, Max"]
[Result "1-0"]
[WhiteElo "2547"]
[BlackElo "2403"]
[PlyCount "79"]
[EventDate "2023.09.26"]
[EventType "swiss (blitz)"]
[EventRounds "11"]
[EventCountry "USA"]
[SourceTitle "EXT 2024"]
[Source "ChessBase"]
[SourceDate "2023.10.10"]
[SourceVersion "1"]
[SourceVersionDate "2023.10.10"]
[SourceQuality "1"]

1. d4 e6 2. c4 b6 3. Nf3 Bb7 4. g3 Nf6 5. Bg2 g6 6. 0-0 Bg7 7. Qc2 Be4 8. Qb3 0-0 9. Nc3 Bb7 10. Qc2 c5 11. dxc5 bxc5 12. Bf4 d5 13. Rfd1 Nbd7 14. Ne5 Rc8 15. Qa4 Nxe5 16. Bxe5 Bc6 17. Qxa7 d4 18. Bxc6 Rxc6 19. e3 d3 20. Qa3 Ng4 21. Bxg7 Kxg7 22. Ne4 f5 23. Rxd3 Qe7 24. Rad1 Rc7 25. Qc3+ Kh6 26. Nd6 e5 27. Rd5 e4 28. h3 Nf6 29. Re5 Qg7 30. Re6 Rd7 31. Nxf5+ gxf5 32. Rxd7 Qxd7 33. Rxf6+ Rxf6 34. Qxf6+ Kh5 35. g4+ fxg4 36. Qe5+ Kh4 37. Qg3+ Kg5 38. Qxg4+ Qxg4+ 39. hxg4 Kxg4 40. a4 1-0

[Event "Titled Tuesday intern op 26th Sep Late"]
[Site "Chess.com INT"]
[Date "2023.09.26"]
[Round "8"]
[White "Gedajlovic, Max"]
[Black "Ashraf, Artin"]
[Result "1-0"]
[WhiteElo "2403"]
[BlackElo "2340"]
[PlyCount "81"]
[EventDate "2023.09.26"]
[EventType "swiss (blitz)"]
[EventRounds "11"]
[EventCountry "USA"]
[SourceTitle "EXT 2024"]
[Source "ChessBase"]
[SourceDate "2023.10.10"]
[SourceVersion "1"]
[SourceVersionDate "2023.10.10"]
[SourceQuality "1"]

1. d4 g6 2. c4 Bg7 3. Nc3 d6 4. e4 Nc6 5. Be3 e5 6. d5 Nd4 7. Nge2 Nxe2 8. Bxe2 f5 9. exf5 Bxf5 10. h4 Ne7 11. h5 0-0 12. hxg6 Bxg6 13. Bh5 Qe8 14. Qg4 Rf5 15. Bxg6 Qxg6 16. Qxg6 hxg6 17. Ne4 Rh5 18. Ke2 Nf5 19. g4 Rxh1 20. Rxh1 Nd4+ 21. Bxd4 exd4 22. f4 Rf8 23. Rf1 Bh6 24. f5 gxf5 25. gxf5 Be3 26. Kd3 Kf7 27. Rh1 Rg8 28. Rh7+ Rg7 29. Rh8 Rg2 30. Rc8 c5 31. Rc7+ Kf8 32. f6 Bf4 33. Rxb7 a5 34. Rd7 Rxb2 35. f7 Rxa2 36. Nf6 Kg7 37. Nh5+ Kf8 38. Nxf4 Ra3+ 39. Ke2 Re3+ 40. Kf2 Re5 41. Ng6+ 1-0

[Event "Titled Tuesday intern op 26th Sep Late"]
[Site "Chess.com INT"]
[Date "2023.09.26"]
[Round "3"]
[White "Gedajlovic, Max"]
[Black "Boros, Denes"]
[Result "0-1"]
[WhiteElo "2403"]
[BlackElo "2399"]
[PlyCount "96"]
[EventDate "2023.09.26"]
[EventType "swiss (blitz)"]
[EventRounds "11"]
[EventCountry "USA"]
[SourceTitle "EXT 2024"]
[Source "ChessBase"]
[SourceDate "2023.10.10"]
[SourceVersion "1"]
[SourceVersionDate "2023.10.10"]
[SourceQuality "1"]

1. d4 Nf6 2. Nf3 b6 3. e3 Bb7 4. Bd3 c5 5. c4 e6 6. Nc3 g6 7. d5 Bg7 8. e4 0-0 9. 0-0 d6 10. h3 Ne8 11. a3 Nd7 12. b4 Bxc3 13. Rb1 Bg7 14. Be2 Ne5 15. Nd2 f5 16. f4 Nd7 17. dxe6 Ndf6 18. exf5 gxf5 19. Bd3 Ne4 20. Bxe4 fxe4 21. f5 Qh4 22. Rb3 Bd4+ 23. Kh2 Ng7 24. Qg4 Qxg4 25. hxg4 h5 26. Kh3 e3 27. Nb1 hxg4+ 28. Kxg4 Bxg2 29. Rg1 Be4 30. Bxe3 Bxf5+ 31. Kh4 Bxe6 32. Bxd4 cxd4 33. Rbg3 Rf7 34. Nd2 Kh7 35. Rh1 Rf5 36. Rg5 Raf8 37. Ne4 Kg8 38. Nxd6 Rf4+ 39. Kg3 Rf3+ 40. Kg2 Rf2+ 41. Kg3 R8f3+ 42. Kh4 d3 43. Ne8 Rf7 44. Rhg1 R2f4+ 45. Kg3 R4f5 46. Rg6 Kf8 47. Nd6 R7f6 48. Rg4 Rf3+ 0-1

[Event "Titled Tuesday intern op 26th Sep Late"]
[Site "Chess.com INT"]
[Date "2023.09.26"]
[Round "11"]
[White "Gedajlovic, Max"]
[Black "Bryakin, Mikhail"]
[Result "1-0"]
[WhiteElo "2403"]
[BlackElo "2481"]
[PlyCount "143"]
[EventDate "2023.09.26"]
[EventType "swiss (blitz)"]
[EventRounds "11"]
[EventCountry "USA"]
[SourceTitle "EXT 2024"]
[Source "ChessBase"]
[SourceDate "2023.10.10"]
[SourceVersion "1"]
[SourceVersionDate "2023.10.10"]
[SourceQuality "1"]

1. d4 Nf6 2. Nf3 g6 3. c4 c5 4. d5 d6 5. Nc3 Bg7 6. e4 0-0 7. h3 e6 8. Bd3 exd5 9. exd5 Re8+ 10. Be3 Rxe3+ 11. fxe3 Qe7 12. 0-0 Nbd7 13. Qe1 Nh5 14. g4 Nhf6 15. Qf2 Ne5 16. Nxe5 Qxe5 17. Qf4 Qe7 18. Rae1 Nd7 19. Ne4 Ne5 20. Be2 Bd7 21. Nf6+ Kh8 22. Kg2 a6 23. g5 b5 24. h4 bxc4 25. h5 Rf8 26. Rh1 Bxf6 27. gxf6 Qd8 28. hxg6 fxg6 29. Rxh7+ Kxh7 30. Rh1+ Kg8 31. Qh6 Kf7 32. Qg7+ Ke8 33. Rh8 Bh3+ 34. Kg1 Rxh8 35. Qxh8+ Kd7 36. Qxh3+ Kc7 37. Qe6 Nd7 38. f7 Qg5+ 39. Kf2 Qh4+ 40. Kf1 Qh8 41. Qe7 Qf8 42. Qe8 Qh6 43. Bg4 Qh1+ 44. Kf2 Qh2+ 45. Kf3 Qh1+ 46. Kf4 Qh6+ 47. Kg3 Nf8 48. Qe7+ Kb6 49. Qxd6+ Kb5 50. Bd7+ Nxd7 51. Qxd7+ Kb4 52. Qb7+ Ka5 53. Qc7+ Kb4 54. Qb6+ Ka4 55. Qxa6+ Kb4 56. Qb7+ Ka4 57. Qa8+ Kb4 58. f8Q Qxe3+ 59. Qf3 Qg1+ 60. Qg2 Qe3+ 61. Kh2 Qf4+ 62. Qg3 Qd2+ 63. Kh3 Qh6+ 64. Kg2 Qd2+ 65. Qf2 Qg5+ 66. Kh2 Qh6+ 67. Kg1 Qg5+ 68. Kf1 c3 69. bxc3+ Kc4 70. Qa6+ Kxc3 71. Qa3+ Kc4 72. Qb3# 1-0

[Event "Sunnyvale Silicon Valley Fall op"]
[Site "Sunnyvale"]
[Date "2023.09.04"]
[Round "9"]
[White "Antipov, Mikhail Al"]
[Black "Gedajlovic, Max"]
[Result "1-0"]
[WhiteElo "2600"]
[BlackElo "2403"]
[PlyCount "71"]
[EventDate "2023.08.31"]
[EventType "swiss"]
[EventRounds "9"]
[EventCountry "USA"]
[SourceTitle "EXT 2024"]
[Source "ChessBase"]
[SourceDate "2023.10.10"]
[SourceVersion "1"]
[SourceVersionDate "2023.10.10"]
[SourceQuality "1"]

1. e4 e5 2. Nf3 Nc6 3. Bc4 Nf6 4. d3 h6 5. h3 d6 6. a4 g6 7. Nc3 Bg7 8. a5 a6 9. 0-0 0-0 10. Re1 Kh7 11. Be3 Be6 12. Bxe6 fxe6 13. Ne2 Nh5 14. c3 Qd7 15. Ng3 Nxg3 16. fxg3 Ne7 17. b4 Rfb8 18. g4 b5 19. g5 h5 20. Ra2 d5 21. Bc5 Nc6 22. Rf2 d4 23. c4 bxc4 24. Ref1 Qd8 25. dxc4 Nxb4 26. Qd2 Nc6 27. Nh4 Qe8 28. Rf7 Nd8 29. Re7 Qc6 30. Qf2 Qxc5 31. Rxg7+ Kxg7 32. Qf6+ Kh7 33. Qxg6+ Kh8 34. Qh6+ Kg8 35. g6 d3+ 36. Kh2 1-0

[Event "Sunnyvale Silicon Valley Fall op"]
[Site "Sunnyvale"]
[Date "2023.09.04"]
[Round "8"]
[White "Gedajlovic, Max"]
[Black "Mikaelyan, Arman"]
[Result "1/2-1/2"]
[WhiteElo "2403"]
[BlackElo "2529"]
[PlyCount "68"]
[EventDate "2023.08.31"]
[EventType "swiss"]
[EventRounds "9"]
[EventCountry "USA"]
[SourceTitle "EXT 2024"]
[Source "ChessBase"]
[SourceDate "2023.10.10"]
[SourceVersion "1"]
[SourceVersionDate "2023.10.10"]
[SourceQuality "1"]

1. d4 Nf6 2. c4 e6 3. Bf4 d5 4. cxd5 exd5 5. e3 Bb4+ 6. Nc3 0-0 7. Bd3 c5 8. dxc5 Nbd7 9. Nge2 Nxc5 10. Bc2 b6 11. 0-0 Ba6 12. Na4 Nxa4 13. Bxa4 d4 14. a3 Bd6 15. Re1 dxe3 16. fxe3 Bxf4 17. exf4 Qe7 18. Nd4 Qd6 19. Qd2 Rad8 20. Rad1 Nh5 21. Re5 g6 22. Qe3 Qf6 23. g3 Ng7 24. b4 Rd6 25. Rc1 Bb7 26. Nb5 Rc6 27. Nxa7 Rxc1+ 28. Qxc1 Qd8 29. Nc6 Bxc6 30. Bxc6 Qd4+ 31. Qe3 Qd1+ 32. Qe1 Qd4+ 33. Qe3 Qd1+ 34. Qe1 Qd4+ 1/2-1/2

[Event "Sunnyvale Silicon Valley Fall op"]
[Site "Sunnyvale"]
[Date "2023.09.03"]
[Round "7"]
[White "Raja, Harshit"]
[Black "Gedajlovic, Max"]
[Result "1/2-1/2"]
[WhiteElo "2509"]
[BlackElo "2403"]
[PlyCount "63"]
[EventDate "2023.08.31"]
[EventType "swiss"]
[EventRounds "9"]
[EventCountry "USA"]
[SourceTitle "EXT 2024"]
[Source "ChessBase"]
[SourceDate "2023.10.10"]
[SourceVersion "1"]
[SourceVersionDate "2023.10.10"]
[SourceQuality "1"]

1. e4 e5 2. Nf3 Nc6 3. Bb5 a6 4. Ba4 Nf6 5. 0-0 d6 6. Bxc6+ bxc6 7. d4 exd4 8. Nxd4 c5 9. Nc6 Qd7 10. Na5 Qa4 11. Qe1 Be6 12. c4 Be7 13. b3 Qb4 14. Nc6 Qxe1 15. Rxe1 Nd7 16. Nc3 Bf6 17. Nd5 Bxd5 18. exd5+ Kf8 19. Rb1 Nb8 20. Nxb8 Rxb8 21. Bd2 g5 22. b4 cxb4 23. Bxb4 Kg7 24. Kf1 Rhc8 25. Rb3 Be5 26. Ba5 Kg6 27. Ree3 f6 28. Rf3 Ra8 29. Rb7 c6 30. Bc7 cxd5 31. cxd5 h5 32. g3 1/2-1/2

[Event "Sunnyvale Silicon Valley Fall op"]
[Site "Sunnyvale"]
[Date "2023.08.31"]
[Round "1"]
[White "Karthi, Jashith"]
[Black "Gedajlovic, Max"]
[Result "1/2-1/2"]
[WhiteElo "2026"]
[BlackElo "2403"]
[PlyCount "99"]
[EventDate "2023.08.31"]
[EventType "swiss"]
[EventRounds "9"]
[EventCountry "USA"]
[SourceTitle "EXT 2024"]
[Source "ChessBase"]
[SourceDate "2023.10.10"]
[SourceVersion "1"]
[SourceVersionDate "2023.10.10"]
[SourceQuality "1"]

1. d4 e6 2. c4 b6 3. Nf3 Bb7 4. g3 Bxf3 5. exf3 d5 6. Bg2 Nf6 7. 0-0 c6 8. b3 Bd6 9. Bb2 0-0 10. f4 Nbd7 11. Nd2 Qe7 12. Re1 g6 13. Qc2 Rac8 14. Bh3 Bb4 15. Bc3 Bxc3 16. Qxc3 Qa3 17. Qc1 Qd6 18. Qb2 Rfd8 19. Rad1 a5 20. Bg2 Ne8 21. Nf3 Ng7 22. Ne5 Nxe5 23. fxe5 Qe7 24. Rc1 h5 25. cxd5 cxd5 26. Rxc8 Rxc8 27. Rc1 Rxc1+ 28. Qxc1 Qb4 29. Qc8+ Kh7 30. Qc7 Qxd4 31. Qxf7 Qxe5 32. Qb7 Qd6 33. Qf7 Qc6 34. h4 Qc2 35. Bh3 Qb1+ 36. Kh2 Qe1 37. Qf4 b5 38. a4 b4 39. Qf6 Qc3 40. Qf7 Qe5 41. Bf1 Qf5 42. Qa7 Qf3 43. Kg1 Qxb3 44. Qxa5 e5 45. Qb5 e4 46. a5 d4 47. a6 Qa3 48. Qb7 b3 49. Qxe4 Qa1 50. Kg2 1/2-1/2

[Event "Speed Chess Q2 Sw"]
[Site "Chess.com INT"]
[Date "2023.08.23"]
[Round "2"]
[White "Gedajlovic, Max"]
[Black "Povshednyi, Ivan"]
[Result "1/2-1/2"]
[WhiteElo "2403"]
[BlackElo "2223"]
[PlyCount "224"]
[EventDate "2023.08.23"]
[EventType "swiss (blitz)"]
[EventRounds "14"]
[EventCountry "USA"]
[SourceTitle "CBM 215 Extra"]
[Source "ChessBase"]
[SourceDate "2023.09.30"]
[SourceVersion "1"]
[SourceVersionDate "2023.09.30"]
[SourceQuality "1"]

1. d4 Nf6 2. Nf3 d5 3. e3 Bf5 4. c4 c6 5. Nc3 e6 6. Nh4 Be4 7. f3 Bg6 8. Bd2 Nbd7 9. Nxg6 hxg6 10. g3 Bd6 11. Kf2 Qb8 12. f4 Bb4 13. Bd3 Bxc3 14. bxc3 c5 15. cxd5 exd5 16. Qf3 Qd6 17. Rab1 b6 18. c4 0-0 19. cxd5 Nxd5 20. Bc4 N5f6 21. Rhd1 Rfe8 22. Kg2 Qe7 23. d5 Ne4 24. Be1 Nd6 25. Bf1 Qxe3 26. Qxe3 Rxe3 27. a4 Nf6 28. a5 Rb8 29. axb6 axb6 30. Bf2 Rc3 31. Bb5 Nfe4 32. Be1 Rc2+ 33. Kg1 Nc3 34. Bxc3 Rxc3 35. Re1 Kf8 36. Kg2 Rc2+ 37. Kg1 Rd2 38. Bc6 b5 39. Ra1 c4 40. Ra7 Rd8 41. Kf1 b4 42. Re2 Rxe2 43. Kxe2 b3 44. Kd2 Ne4+ 45. Kc1 Nc3 46. Ra5 Ke7 47. Kb2 Ne4 48. Rb5 Kd6 49. Rb7 f6 50. Bb5 Kc5 51. Ba4 Rd6 52. Rb5+ Kd4 53. Rb4 Rxd5 54. Bxb3 Nd6 55. Bc2 Rb5 56. Ka3 Rxb4 57. Kxb4 g5 58. fxg5 fxg5 59. h4 gxh4 60. gxh4 c3 61. h5 Nf7 62. Ka3 Ne5 63. Kb3 Ng4 64. Bb1 Ne3 65. Bg6 Nd5 66. Kc2 Nf4 67. Bf7 Ng2 68. Kc1 Ne3 69. Bg6 Kc4 70. Bf7+ Kb4 71. Bg6 Nc4 72. Kc2 Ne5 73. Bf5 Kc4 74. Bh7 Kd4 75. Bf5 Nf7 76. Bg6 Nh6 77. Bh7 Ng4 78. Bg6 Ne3+ 79. Kc1 Ke5 80. Be8 Kf4 81. Kb1 Kg5 82. Ka2 Nd1 83. Kb3 Nf2 84. Kxc3 Ng4 85. Kd4 Nf6 86. Bf7 Nxh5 87. Ke3 Kh4 88. Kf3 Nf6 89. Kg2 g5 90. Kh1 g4 91. Be6 g3 92. Bf5 Nh5 93. Be4 Kg5 94. Bf3 Nf6 95. Kg2 Kf4 96. Be2 Nd7 97. Bf3 Ne5 98. Be2 Nc6 99. Bf3 Nd4 100. Bd1 Nf5 101. Be2 Nh4+ 102. Kg1 Ke3 103. Bd1 Kd2 104. Bg4 Ke3 105. Bh5 Kf4 106. Be2 Nf3+ 107. Bxf3 Kxf3 108. Kf1 Kf4 109. Kg2 Kg4 110. Kg1 Kh3 111. Kh1 g2+ 112. Kg1 Kg3 1/2-1/2

[Event "Speed Chess Q2 Sw"]
[Site "Chess.com INT"]
[Date "2023.08.23"]
[Round "4"]
[White "Tari, Aryan"]
[Black "Gedajlovic, Max"]
[Result "1-0"]
[WhiteElo "2629"]
[BlackElo "2403"]
[PlyCount "95"]
[EventDate "2023.08.23"]
[EventType "swiss (blitz)"]
[EventRounds "14"]
[EventCountry "USA"]
[SourceTitle "CBM 215 Extra"]
[Source "ChessBase"]
[SourceDate "2023.09.30"]
[SourceVersion "1"]
[SourceVersionDate "2023.09.30"]
[SourceQuality "1"]

1. c4 e5 2. Nc3 Nf6 3. Nf3 Nc6 4. e4 Bb4 5. d3 Bxc3+ 6. bxc3 d6 7. g3 h6 8. Bg2 Be6 9. h3 Qd7 10. Nh4 g5 11. Qf3 Ng8 12. Nf5 Bxf5 13. exf5 Nge7 14. h4 gxh4 15. f6 hxg3 16. Bh3 gxf2+ 17. Kxf2 Qd8 18. fxe7 Qxe7 19. Bf5 Nd8 20. Be3 c6 21. Rag1 Ne6 22. Bxh6 0-0-0 23. Bg5 f6 24. Be3 Kb8 25. Qg4 Rxh1 26. Rxh1 Ng5 27. Rh5 Rg8 28. Qh4 d5 29. Rh8 Qf8 30. Rxg8 Qxg8 31. cxd5 cxd5 32. d4 exd4 33. cxd4 Qd8 34. a4 a6 35. Qh6 Ka7 36. Qg7 Qd6 37. Qh6 Qe7 38. a5 Qd8 39. Qg7 Ne4+ 40. Bxe4 dxe4 41. d5+ Ka8 42. Bb6 Qc8 43. Ke3 Qc3+ 44. Ke2 Qc2+ 45. Ke1 Qc1+ 46. Kf2 Qd2+ 47. Kg3 Qd3+ 48. Kh4 1-0

[Event "Brasov GP RO"]
[Site "Brasov"]
[Date "2023.07.19"]
[Round "5"]
[White "Nikolov, Yavor"]
[Black "Gedajlovic, Max"]
[Result "1/2-1/2"]
[WhiteElo "2106"]
[BlackElo "2416"]
[PlyCount "126"]
[EventDate "2023.07.16"]
[EventType "swiss"]
[EventRounds "9"]
[EventCountry "ROU"]
[SourceTitle "CBM 215 Extra"]
[Source "ChessBase"]
[SourceDate "2023.09.30"]
[SourceVersion "1"]
[SourceVersionDate "2023.09.30"]
[SourceQuality "1"]

1. Nf3 d5 2. d3 g6 3. e4 dxe4 4. dxe4 Qxd1+ 5. Kxd1 Bh6 6. Nfd2 e5 7. c3 Nd7 8. b3 a5 9. a4 f6 10. Kc2 Bf8 11. Nc4 Nh6 12. Nba3 Nf7 13. Be2 Bc5 14. f3 c6 15. Rd1 Kd8 16. Rb1 Kc7 17. Ne3 h5 18. Kb2 Nf8 19. Nec2 Ne6 20. b4 Be7 21. Kb3 Nf4 22. Bxf4 exf4 23. Nc4 axb4 24. cxb4 h4 25. h3 Rh5 26. a5 Ne5 27. Nd4 Nxc4 28. Bxc4 Bxb4 29. Kxb4 c5+ 30. Kc3 cxd4+ 31. Kxd4 Rhxa5 32. Rdc1 Ra4 33. Kd3 Ra3+ 34. Kd2 Bd7 35. Bd5+ Kd6 36. Rxb7 R8a7 37. Rb6+ Ke5 38. Rcb1 R3a6 39. Rb8 f5 40. R8b7 fxe4 41. Bxe4 Rxb7 42. Rxb7 Ra2+ 43. Kc3 Be6 44. Bc2 Ra3+ 45. Kd2 Ra2 46. Kc3 Ra3+ 47. Kd2 g5 48. Rg7 g4 49. hxg4 h3 50. gxh3 Rxf3 51. Re7 Kf6 52. Rb7 Rxh3 53. Bf5 Bd5 54. Rb5 Ke5 55. g5 Kxf5 56. Rxd5+ Ke4 57. Ra5 Rg3 58. Ke2 Rg2+ 59. Kf1 Rb2 60. g6 Rb1+ 61. Kf2 Rb2+ 62. Kf1 Rb1+ 63. Kf2 Rb2+ 1/2-1/2

[Event "Brasov GP RO"]
[Site "Brasov"]
[Date "2023.07.17"]
[Round "2"]
[White "Gedajlovic, Max"]
[Black "Craciun, Sasha Matei"]
[Result "1/2-1/2"]
[WhiteElo "2416"]
[BlackElo "1962"]
[PlyCount "103"]
[EventDate "2023.07.16"]
[EventType "swiss"]
[EventRounds "9"]
[EventCountry "ROU"]
[SourceTitle "CBM 215 Extra"]
[Source "ChessBase"]
[SourceDate "2023.09.30"]
[SourceVersion "1"]
[SourceVersionDate "2023.09.30"]
[SourceQuality "1"]

1. d4 d5 2. c4 e6 3. Nc3 Be7 4. Bf4 Nf6 5. e3 0-0 6. a3 Nbd7 7. Nb5 Ne8 8. Nf3 dxc4 9. Bxc4 Nd6 10. Bd3 Nxb5 11. Bxb5 c5 12. 0-0 cxd4 13. Qxd4 Nf6 14. Rac1 Qxd4 15. Nxd4 Nd5 16. Bg3 Rd8 17. Bc4 a6 18. Rfd1 Bf6 19. Be2 Bd7 20. e4 e5 21. Nf3 Nf4 22. Bxf4 exf4 23. e5 Be7 24. Rd4 Bc6 25. Rxf4 Rac8 26. Rfc4 Kf8 27. Nd4 Bd7 28. Bf3 Rxc4 29. Rxc4 Rc8 30. Rxc8+ Bxc8 31. Be4 Bc5 32. Nc2 h6 33. g3 b6 34. b4 Be7 35. f4 a5 36. Kf2 Bd7 37. Ke3 Ba4 38. g4 Bxc2 39. Bxc2 axb4 40. a4 Bc5+ 41. Ke4 Ke7 42. h4 Bf2 43. h5 f6 44. Bb3 fxe5 45. Kxe5 Be1 46. Kd5 Kf6 47. Kc6 Bf2 48. Kb5 Be3 49. Bc4 Ke7 50. Bb3 Kf6 51. Bc4 Ke7 52. Bb3 1/2-1/2

[Event "Ceske Budejovice GM-A"]
[Site "Ceske Budejovice"]
[Date "2023.07.02"]
[Round "2"]
[White "Gedajlovic, Max"]
[Black "Polak, Tomas"]
[Result "0-1"]
[WhiteElo "2416"]
[BlackElo "2503"]
[PlyCount "68"]
[EventDate "2023.07.01"]
[EventType "tourn"]
[EventRounds "9"]
[EventCountry "CZE"]
[EventCategory "9"]
[SourceTitle "CBM 215 Extra"]
[Source "ChessBase"]
[SourceDate "2023.09.30"]
[SourceVersion "1"]
[SourceVersionDate "2023.09.30"]
[SourceQuality "1"]

1. d4 Nf6 2. c4 c5 3. d5 b5 4. Qc2 bxc4 5. e4 g6 6. Bxc4 d6 7. Nc3 Bg7 8. Nf3 0-0 9. 0-0 Ba6 10. Nb5 Qb6 11. a4 Bc8 12. h3 Na6 13. Re1 Nb4 14. Qd1 a6 15. Nc3 e6 16. a5 Qb7 17. dxe6 Bxe6 18. Bxe6 fxe6 19. e5 dxe5 20. Qb3 Nfd5 21. Nxe5 Qc7 22. Ng4 h5 23. Ne3 Nf4 24. Qc4 Nbd3 25. Bd2 Ne5 26. Qa2 Nxh3+ 27. gxh3 Nf3+ 28. Kf1 Nxd2+ 29. Ke2 Nf3 30. Qxe6+ Kh7 31. Kd3 Rad8+ 32. Ncd5 Qf4 33. Rec1 Qd4+ 34. Ke2 Qd2+ 0-1

[Event "Titled Tuesday intern op 27th Jun Early"]
[Site "Chess.com INT"]
[Date "2023.06.27"]
[Round "9"]
[White "Zhigalko, Sergei"]
[Black "Gedajlovic, Max"]
[Result "1-0"]
[WhiteElo "2572"]
[BlackElo "2436"]
[PlyCount "55"]
[EventDate "2023.06.27"]
[EventType "swiss (blitz)"]
[EventRounds "11"]
[EventCountry "USA"]
[SourceTitle "EXT 2024"]
[Source "ChessBase"]
[SourceDate "2023.10.10"]
[SourceVersion "1"]
[SourceVersionDate "2023.10.10"]
[SourceQuality "1"]

1. e4 e6 2. d4 d5 3. e5 c5 4. c3 Qb6 5. Nf3 Bd7 6. Be2 Bb5 7. Bxb5+ Qxb5 8. a4 Qd7 9. 0-0 c4 10. h4 Nc6 11. h5 h6 12. Bf4 Nge7 13. Nbd2 g5 14. Bg3 Nf5 15. Nh2 Be7 16. Ng4 0-0-0 17. a5 Kb8 18. b3 cxb3 19. Qxb3 Ka8 20. Rfb1 Rb8 21. Bh2 Ng7 22. Nf6 Qc7 23. c4 Nxd4 24. Qd3 Nc6 25. cxd5 Nxe5 26. Bxe5 Qxe5 27. Nd7 Qxd5 28. Nb6+ 1-0

[Event "Teplice op"]
[Site "Teplice"]
[Date "2023.06.17"]
[Round "8"]
[White "Gedajlovic, Max"]
[Black "Mica, Marek"]
[Result "1-0"]
[WhiteElo "2436"]
[BlackElo "2284"]
[PlyCount "95"]
[EventDate "2023.06.10"]
[EventType "swiss"]
[EventRounds "9"]
[EventCountry "CZE"]
[SourceTitle "CBM 214 Extra"]
[Source "ChessBase"]
[SourceDate "2023.07.31"]
[SourceVersion "1"]
[SourceVersionDate "2023.07.31"]
[SourceQuality "1"]

1. d4 Nf6 2. c4 e6 3. Nc3 d5 4. cxd5 exd5 5. Bg5 c6 6. e3 Be6 7. Bd3 Nbd7 8. f4 h6 9. Bh4 g5 10. f5 Bxf5 11. Bxf5 gxh4 12. Nf3 Bd6 13. 0-0 Qe7 14. Qd3 0-0-0 15. Nxh4 Ng4 16. Bxg4 Qxh4 17. Bh3 Kb8 18. Rxf7 Rhf8 19. Raf1 Rxf7 20. Rxf7 Nf6 21. Qf1 Ne4 22. g3 Qg5 23. Nxe4 dxe4 24. Qf2 c5 25. Rf5 Qe7 26. d5 Rf8 27. Kg2 Kc7 28. Qc2 Rxf5 29. Bxf5 h5 30. Kh3 Qg7 31. b3 h4 32. gxh4 Qg1 33. Qe2 Be5 34. Bxe4 Kd6 35. h5 b5 36. h6 c4 37. bxc4 bxc4 38. h7 Kc5 39. d6 Kxd6 40. Qd2+ Ke7 41. Qb4+ Kf7 42. Qxc4+ Ke7 43. Qb4+ Kf7 44. Qb7+ Kf8 45. Qa8+ Ke7 46. Qxa7+ Ke6 47. Bd5+ Kxd5 48. e4+ 1-0